Obras escogidas
Guardat en:
| Autor principal: | |
|---|---|
| Format: | Llibre |
| Idioma: | espanyol |
| Publicat: |
Santiago
Andrés Bello
1993
|
| Matèries: | |
| Etiquetes: |
Afegir etiqueta
Sense etiquetes, Sigues el primer a etiquetar aquest registre!
|
MARC
| LEADER | 00000nam a2200000 a 4500 | ||
|---|---|---|---|
| 001 | UCU4965 | ||
| 003 | CL-VaPUC | ||
| 008 | 960531e19930000CL |||||||||||||||||spa|d | ||
| 082 | 0 | 4 | |a Cu863 |b CAR |2 21 |
| 100 | 0 | |a Carpentier, Alejo |e author |9 317536 | |
| 245 | 1 | 0 | |a Obras escogidas |
| 246 | 1 | 3 | |a El reino de este mundo |
| 246 | 1 | 4 | |a Los pasos perdidos |
| 246 | 1 | 3 | |a El siglo de las luces |
| 300 | |a 797 p | ||
| 942 | |c BK | ||
| 945 | |d 19960531 00:00:00 |a rleighto | ||
| 260 | |a Santiago |b Andrés Bello |c 1993 | ||
| 650 | 0 | |a Novelas cubanas |9 268276 | |
| 583 | |a last modification |c 19960531 00:00:00 |k Rodrigo Vera | ||
| 999 | |c 248489 |d 248487 | ||
| 952 | |0 0 |1 0 |2 ddc |4 0 |6 CU_863_000000000000000_CAR_1993 |7 0 |8 P |9 265117 |a BIBARQ |b BIBARQ |d 2019-11-19 |i 3205991 |l 1 |o Cu863 CAR 1993 |p 3205991 |r 2025-01-20 |s 2023-05-12 |w 2019-11-19 |y BK |k ARQ | ||